Statistics for Biggest to Smallest Countries that Start with C

Click here to take the quiz!

General Stats

  • This quiz has been taken 24 times
    (8 since last reset)
  • The average score is 12 of 15

Answer Stats

ContinentAnswer% Correct
AfricaCameroon
100%
North AmericaCanada
100%
North AmericaCuba
100%
AsiaChina
86%
AfricaChad
86%
South AmericaColombia
86%
South AmericaChile
86%
AsiaCambodia
86%
Asia / EuropeCyprus
86%
AfricaCentral African Republic
71%
EuropeCroatia
71%
AfricaCape Verde
71%
EuropeCzech Republic
57%
North AmericaCosta Rica
57%
AfricaComoros
57%

Score Distribution

Percentile by Number Answered

Percent of People with Each Score

Your Score History

You have not taken this quiz since the last reset